000 00386nam a2200157Ia 4500
008 230711s9999||||xx |||||||||||||| ||und||
041 _aENG
082 _a624
_bDO-R
100 _aDorf,Richard C
245 0 _aRobotics and automated manufacturing
250 _a1st
260 _c1983
_aNew Delhi
_bReston Publication
300 _a190
650 _aMechanical Engineering
942 _cBK
999 _c1786
_d1786